Szegedi professzor elismerése - Díszdoktoravatás Krakkóban
Elmentve itt :
| Dokumentumtípus: | Cikk |
|---|---|
| Megjelent: |
1984-10-06
|
| Sorozat: | Délmagyarország
74 No. 235 |
| Kulcsszavak: | Szekeres László, Orvostudományi Egyetem |
| Online Access: | http://dmarchiv.bibl.u-szeged.hu/100207 |
| LEADER | 00461nab a2200145 i 4500 | ||
|---|---|---|---|
| 001 | delm100207 | ||
| 005 | 20190903123830.0 | ||
| 008 | 190903s1984 hu o 0|| hun d | ||
| 040 | |a SZTE Délmagyarország Archívum |b hun | ||
| 041 | |a hun | ||
| 245 | 0 | 0 | |a Szegedi professzor elismerése - Díszdoktoravatás Krakkóban |h [elektronikus dokumentum] |
| 260 | |c 1984-10-06 | ||
| 300 | |a 4 | ||
| 490 | 0 | |a Délmagyarország |v 74 No. 235 | |
| 695 | |a Szekeres László, Orvostudományi Egyetem | ||